| 000 | 01085nam a22002892 4500 | ||
|---|---|---|---|
| 001 | 30780 | ||
| 003 | BD-RjUL | ||
| 005 | 20211209051621.0 | ||
| 008 | 140412s1963 nyu 000 0 eng c | ||
| 035 |
_aOCLC ocm01497177 from D970514M _a(BD-RjUL)30867 |
||
| 040 |
_aBWE _cBWE _dEQO _dBD-RjUL _beng |
||
| 041 | 0 |
_aeng _hger |
|
| 082 |
_a180 _bZEO 1963 |
||
| 100 | 1 |
_aZeller, Eduard, _d1814-1908. _993476 |
|
| 245 | 1 | 0 |
_aOutlines of the history of Greek philosophy / _cEduard Zeller; Wilhelm Nestle; Leonard Robert Palmer. |
| 260 |
_aNew York : _bThe Humanities Press ; _aLondon : _b Routledge & K. Paul, _c1963 |
||
| 300 |
_axv, 327 p. ; _c23 cm. |
||
| 490 | 1 | _aInternational library of psychology, philosophy, and scientific method | |
| 504 | _aBibliography: p. 317-319. | ||
| 650 | 0 |
_aPhilosophy, Ancient. _93836 |
|
| 700 | 1 | 2 |
_aNestle, Wilhelm, _d1865-1959. _993477 |
| 700 | 1 | 2 |
_aPalmer, Leonard Robert, _d1906- _993478 |
| 830 | 0 |
_aInternational library of psychology, philosophy, and scientific method _993545 |
|
| 942 |
_2ddc _cBK |
||
| 999 |
_c30780 _d30780 |
||